00614nam a2200205Ia 4500003000900000008004100009040001300050040001300063041000800076100001700084245003600101250001200137260001200149260000900161300000800170490000600178942000700184999001700191952020000208IT-RoPAU120407s9999 xx 000 0 und d aIT-RoPAU cIT-RoPAU aita aRichard Bach aIl gabbiano Jonathan Livingston aMilano  aRizzoli c1973 c cm v1 cBK c23313d23313 00102ddc406810_00000000000000071aPAULUSbPAULUSd2012-04-11l0o810.0r2012-04-11 00:00:00w2012-04-11yBKzInserito da: Giancarlo In data: 24 ottobre 2011 fondo: Via A.Severo 56 Progr:12752